000
00280nam a22001217a 4500
999
_c
533819
_d
533819
040
_c
dlc
082
_a
940.27092
100
_a
Edgar Vincent
_9
27813
245
_a
Nelson Love and Fame
260
_a
Newyork
_b
Yale University Press;
_c
c2003
300
_a
640;pxv
942
_2
ddc
_c
BK